Vista normal
Vista MARC
- O'Connell, Jerry
Entrada Nombre de persona
Número de registros utilizados en: 1
001 - NÚMERO DE CONTROL
- campo de control: 904
003 - IDENTIFICADOR DEL NÚMERO DE CONTROL
- campo de control: ES-MaFIAP
005 - FECHA Y HORA DE LA ÚLTIMA TRANSACCIÓN
- campo de control: 20221115132902.0
008 - DATOS DE LONGITUD FIJA
- campo de control de longitud fija: 221115|| aca||aabn | a|a d
040 ## - FUENTE DE LA CATALOGACIÓN
- Centro catalogador/agencia de origen: ES-MaFIAP
- Centro/agencia transcriptor: ES-MaFIAP
100 ## - ENCABEZAMIENTO-NOMBRE DE PERSONA
- Nombre de persona: O'Connell, Jerry
- Fechas asociadas al nombre: 1974-
- Forma completa/desarrollada del nombre: Jeremiah O'Connell
670 ## - FUENTE DE DATOS ENCONTRADOS
- Cita de la fuente: Work cat.: (ES-MaFIAP)244: Jerry Maguire [Videograbación] /, D. L. 1997





